Responses for Primetime Celebrity Jeopardy! game #24 - Tuesday, January 9, 2024

2023-2024 Primetime Celebrity Jeopardy! semifinal game 2.

Contestants

[<< previous game]

Dulé Hill, an actor and tap dancer originally from Sayreville, New Jersey

Katie Nolan, a sports comedy host originally from Framingham, Massachusetts

Steven Weber, an actor and writer originally from Queens, New York

[next game >>]

Jeopardy! Round responses

NUMERICAL PLACE NAMES
CAN I GET AN "A" MEN!
(Ken: All these responses will be men who have the initials A.A.)
COUNTRIES THAT START WITH "I"
DATING APPS
KITTY LIT
"DIS"CONTINUED
(Ken: All these responses begin with the letters "D-I-S".)
    $100 21
8 Mile

Katie
    $100 1
(Steven: [Asking for the clue] Well, I'd like to solve the puzzle, Pat.)
(Ken: No, it's too early. It's too early.)

Alan Alda

Steven
    $100 6
Ireland

Katie
    $100 28
Shark Tank

Katie
    $100 20
(Ken: His Jungle Book's set in [*].)

India

Triple Stumper
    $100 7
Disney

Steven
    $200 29
(Ken: Ooh, Dulé's in trouble.)
(Dulé: You see what I'm saying?)
(Ken: Dulé's in trouble.)
(Dule: You see what I'm saying? This... I can't go home now, everybody. Thank you. Thank you.)

Ocho Rios

Steven
    $200 2
Arthur Ashe

Katie
    $200 8
[NOTE: A "Recorded on August 23, 2023" note was added on-screen to this clue.]

Israel

Steven
    $200 27
Dr. Ruth

Katie
    $200 16
(Ken: Yeah, I think I remember that.)

Breakfast at Tiffany's

Steven
    $200 10
disco

Dulé
    $300 30
Three Mile Island

Steven
    $300 3
(Ken: You beat Dulé to the dance question.)
(Steven: Ha!)
(Dulé: I'm like, "This is, you know, I don't know...)
(Steven: Come on, I'm trying to work here!)

Alvin Ailey

Steven
    $300 9
Indonesia

Katie
    $300 26
Tinder

Katie
    $300 17
(Dulé: Who is George?)
...
(Katie: That's amazing. So amazing, I forgot to buzz in when you got it wrong.)
(Ken: Without [*], we never get to George of the Jungle.)

Tarzan

StevenDulé
    $300 11
the discus

Katie
    $400 25
Tripoli

Triple Stumper
    $400 4
Ansel Adams

Katie
    $400 14
(Dulé: What is the A... no, UAE?)
(Ken: It's got to start with "I". It's [*].)
(Dulé: Oh, come on Dulé!)
...
(Dulé: It's right there. It's right there, man!)
(Steve: Be good to yourself.)

Iraq

Dulé
Triple Stumper
    $400 23
Chispa

Triple Stumper
    $2,200 18
Aslan

Steven
    $400 12
(Katie: We all should have gotten that.)
(Dulé: Yes, we should have. We should all be embarrassed.)
(Katie: Yeah, I am a little.)
(Ken: I like how you have a support group going.)
(Katie: For now.)
(Dulé: I blame Steven, though.)
(Steven: Yeah. I'd like to solve the puzzle now, Pat.)
[Laughter]

dissent

Triple Stumper
    $500 22
(Katie: What is Nevada?)

Utah

Katie
Triple Stumper
    $500 5
Anthony Anderson

Dulé
    $500 15
Iceland

Steven
    $500 24
halal

Katie
    $500 19
Tigger

Steven
    $500 13
the Discovery

Steven

Scores at the first commercial break (after clue 15):

Steven Katie Dulé
$1,700 $1,300 $300

Scores at the end of the Jeopardy! Round:

Steven Katie Dulé
$5,400 $2,000 $0

Double Jeopardy! Round responses

IT'S A DATE, AMIGO!
NUMBER ONE HITS
(Ken: All of these will concern songs with the word "one" in their title.)
NON-MUSICAL THEATER
NEW YORK TIMES OBITUARIES
"J" LAW
(Ken: Where all responses begin with the letter "J".)
ANIMAL IDIOM BRAINTEASERS
(Ken: I'll give you the meaning of an animal idiom and its initials. You give me the idiom.)
    $200 26
Groundhog Day

Katie
    $200 1
Grease

Steven
    $200 10
Death of a Salesman

Katie
    $200 17
Amelia Earhart

Steven
    $200 22
Judge

Katie
    $200 3
hold your horses

Katie
    $400 27
February (Febrero)

Dulé
    $400 2
"Another One Bites The Dust"

Katie
    $400 13
Billy Crystal

Steven
    $8,200 18
"Respect"

Steven
    $400 23
a jury

Steven
    $400 7
your goose is cooked

Dulé
    $2,600 28
Thanksgiving

Dulé
    $600 8
"One Dance"

Triple Stumper
    $600 14
(Ken: As in Who's Afraid Of..., yes.)

Virginia Woolf

Steven
    $600 19
Dalí

Steven
    $600 12
a juvenile

Steven
    $600 4
(Steven: What is happening?)
(Ken: There's your Wheel of Fortune, Steven.)
(Steven: W.I.H. What is happening? Oh, my God. O.M.G.)
...
(Katie: Since he likes it so much, we'll keep doing ANIMAL IDIOM BRAINTEASERS for $800.)
(Steven: Yuck.)

there are plenty of fish in the sea

Katie
    $800 29
Washington

Katie
    $800 9
"One Sweet Day"

Triple Stumper
    $800 15
Waiting for Godot

Steven
    $800 20
Hawking

Steven
    $800 24
(Ken: Thanks for the plug.)

jeopardy

Dulé
    $800 5
get your ducks in a row

Katie
    $1000 30
Juneteenth

Katie
    $1000 11
Barenaked Ladies

Katie
    $1000 16
August Wilson

Dulé
    $1000 21
[Applause for Steven's run of the category]
(Ken: You just ran that category, Steven.)
(Dulé: Yep, yep. Very good. Very good, Steven. Very good. Very good.)
(Steven: I've got the God thumb!)
(Ken: Steven, is one of the advantages of getting older being very good at obituary trivia?)
(Steven: Yes. Let me tell you something, man. Okay, seriously, I read the New York Times obituary.)
(Katie: Looking for your friends?)
(Steven: Look...)
[Laughter]
(Steven: I.H.Y. I hate you!)

Abe Vigoda

Steven
    $1000 25
jurisprudence

Steven
    $1000 6
the world is your oyster

Katie

Scores at the Double Jeopardy! Round commercial break (after clue 15):

Steven Katie Dulé
$8,000 $6,200 $400

Scores at the end of the Double Jeopardy! Round:

Steven Katie Dulé
$20,200 $8,400 $5,200

Triple Jeopardy! Round

CYBERSECURITY
FEMALE FIRSTS
FAIRY TALE ADAPTATIONS
OPPOSITES OF NOVEL TITLES
(Ken: We've replaced one or more words in a book title with their opposites. You'll have to give us the original correct title.)
ON THE PERIODIC TABLE
THERE'S AN "APP" FOR THAT
(Ken: The letters "A-P-P" will appear somewhere in each response.)
    $300 30
a firewall

Dulé
    $300 20
The Washington Post

Dulé
    $300 15
The Little Mermaid

Triple Stumper
    $300 12
The Sun Also Rises

Katie
    $300 28
potassium

Katie
    $300 1
cappuccino

Dulé
    $600 29
phishing

Dulé
    $600 19
Mount Everest

Dulé
    $600 9
(Katie: About time we hear what they had to say.)
(Ken: Yes.)

bears

Triple Stumper
    $600 4
(Dulé: What is Lost and Found?)
...
(Katie: I liked yours.)
(Dulé: I'm really bugging right now.)
(Katie: There's a lot in the Lost and Found in Vegas.)

Fear and Loathing in Las Vegas

KatieDulé
    $600 27
mercury

Katie
    $600 2
an Adam's apple

Katie
    $900 21
ransomware

Katie
    $900 18
Betty White

Steven
    $5,000 6
(Ken: Steven's lead is at risk here, Katie. What will you do?)
(Steven: No!)
(Katie: But it's the first clue in a category, so I'm a little nervous, but, uh, let's do, um... Let's do... $5,000.)
...
(Katie: And I would like to cash out now. God, I wish.)

Cinderella

Katie
    $900 5
Midnight's Children

Triple Stumper
    $900 24
X-rays

Steven
    $9,000 3
the Appalachian Trail

Katie
    $1200 22
Homeland Security

Triple Stumper
    $1200 17
(Katie: He didn't even call on you yet.)
(Dulé: See what I'm saying?)
(Steven: Oh, I'm sorry.)
(Katie: Wait your turn.)
(Steven: My thing lit up.)
(Katie: Yeah, well.)
(Steven: [To his thumb] Don't listen to them.)
[Laughter]

Simone Biles

Steven
    $1200 13
a satellite

Triple Stumper
    $1200 10
Breakfast of Champions

Steven
    $1200 25
platinum

Katie
    $1200 7
Appetite for Destruction

Triple Stumper
    $1500 23
a CAPTCHA

Katie
    $1500 16
Sandra Day O'Connor

Steven
    $1500 14
the Seven Dwarfs

Steven
    $1500 11
(Ken: You picked the right one.)
(Katie: I got nervous. I remembered there were two that I might have said.)

Pride and Prejudice

Katie
    $5,000 26
(Katie: Oh, my God. Periodic table is so risky, Ken. I don't really know it. Um, let's do... Oh, my God, what do I do? Uh, let's do-- let's relax-- and let's do $5,000 again.)

plutonium

Katie
    $1500 8
Sapporo

Katie

Scores at the end of the Triple Jeopardy! Round:

Steven Katie Dulé
$27,400 $36,400 $6,700

[wagering suggestions for these scores]

Final Jeopardy! Round responses

TELEVISION HISTORY
(Ken: [To Katie] It's a little early for Beatlemania.)
(Katie: I know.)
(Ken: Apparently the big ratings hit for the BBC in 1953, [*]. That's why people bought TVs.)
DuléWhat I don't know
$6,700
StevenWhat is the end
$27,400
KatieWhat is Beatlemania?
$19,000
the coronation of Queen Elizabeth II

Final scores:

Steven Katie Dulé
$0 $17,400 $0
2nd place: $50,000 to the SAG-AFTRA Foundation Winner: finalist 3rd place: $50,000 to All Rise

Game dynamics:

Coryat scores:

Steven Katie Dulé
$17,800 $20,700 $4,700
30 R
(including 2 DDs),
0 W
34 R
(including 3 DDs),
1 W
12 R
(including 1 DD),
3 W

Combined Coryat: $43,200

[game clues] [game scores] [suggest correction]

Game tape date: 2023-08-23
The J! Archive is created by fans, for fans. Scraping, republication, monetization, and malicious use prohibited; this site may use cookies and collect identifying information. See terms. The Jeopardy! game show and all elements thereof, including but not limited to copyright and trademark thereto, are the property of Jeopardy Productions, Inc. and are protected under law. This website is not affiliated with, sponsored by, or operated by Jeopardy Productions, Inc. Join the discussion at JBoard.tv.